| 000 -LEADER |
| fixed length control field |
01158nam a22002777a 4500 |
| 008 - FIXED-LENGTH DATA ELEMENTS--GENERAL INFORMATION |
| fixed length control field |
250527b xxu||||| |||| 00| 0 eng d |
| 040 ## - CATALOGING SOURCE |
| Transcribing agency |
Cagayan State University |
| Description conventions |
RDA |
| 082 ## - DEWEY DECIMAL CLASSIFICATION NUMBER |
| Classification number |
791.4372 |
| Item number |
C963 2024 |
| 245 ## - TITLE STATEMENT |
| Title |
Cuckoo 2024 / directed by Tilman Singer ; written by Tilman Singer ; produced by Markus Halberschmidt [add five others]. |
| 260 ## - PUBLICATION, DISTRIBUTION, ETC. (IMPRINT) |
| Place of publication, distribution, etc |
Germany, |
| -- |
United States ; |
| Name of publisher, distributor, etc |
Filmverleih, Weltkino, distributor, |
| Date of publication, distribution, etc |
2024. |
| 300 ## - PHYSICAL DESCRIPTION |
| Extent |
1 videofile (ca. 103 mins.) : |
| Other physical details |
sound, color. |
| 520 ## - SUMMARY, ETC. |
| Summary, etc |
Seventeen-year-old Gretchen reluctantly leaves America to live with her father at a resort in the German Alps. Plagued by strange noises and bloody visions, she soon discovers a shocking secret that concerns her own family. |
| 650 ## - SUBJECT ADDED ENTRY--TOPICAL TERM |
| Topical term or geographic name as entry element |
Horror. |
| 650 ## - SUBJECT ADDED ENTRY--TOPICAL TERM |
| Topical term or geographic name as entry element |
Mystery. |
| 650 ## - SUBJECT ADDED ENTRY--TOPICAL TERM |
| Topical term or geographic name as entry element |
Thriller. |
| 650 ## - SUBJECT ADDED ENTRY--TOPICAL TERM |
| Topical term or geographic name as entry element |
Suspense. |
| 700 ## - ADDED ENTRY--PERSONAL NAME |
| Personal name |
Schafer, Hunter, star. |
| 700 ## - ADDED ENTRY--PERSONAL NAME |
| Personal name |
Bluthardt, Jan, star. |
| 700 ## - ADDED ENTRY--PERSONAL NAME |
| Personal name |
Csokas, Marton, star. |
| 700 ## - ADDED ENTRY--PERSONAL NAME |
| Personal name |
Henwick, Jessica, star. |
| 700 ## - ADDED ENTRY--PERSONAL NAME |
| Personal name |
Stevens, Dan, star. |
| 700 ## - ADDED ENTRY--PERSONAL NAME |
| Personal name |
Faltz, Paul, cinematographer. |
| 700 ## - ADDED ENTRY--PERSONAL NAME |
| Personal name |
Gibson, Terel, editor. |
| 700 ## - ADDED ENTRY--PERSONAL NAME |
| Personal name |
Thomas, Phillip, editor. |
| 942 ## - ADDED ENTRY ELEMENTS (KOHA) |
| Source of classification or shelving scheme |
|
| Item type |
Audio-Visual Materials |